Statistics for Countries with the Five Hottest Cities by Continent

Click here to take the quiz!

General Stats

  • This quiz has been taken 92 times
  • The average score is 13 of 21

Answer Stats

Continent ºC City Country % Correct
North America27.1VillahermosaMexico
86%
Europe18.4AthensGreece
85%
Asia27.1MumbaiIndia
85%
Europe18.2BarcelonaSpain
84%
North America25.4HonoluluUnited States
81%
South America26.7, 26.6, 25.9, 25.5, 25.3Manaus, Fortaleza, Belém, Recife, SalvadorBrazil
77%
Oceania27.6, 26.4, 25.0, 21.4, 21.0Darwin, Dampier, Cairns, Brisbane, Alice SpringsAustralia
75%
Europe17.5LisbonPortugal
73%
Europe18.8VallettaMalta
69%
North America28.0Panama CityPanama
65%
Europe15.8MarseilleFrance
63%
Africa29.9KhartoumSudan
57%
North America26.0La CeibaHonduras
57%
North America27.0ManaguaNicaragua
56%
Asia28.6BangkokThailand
54%
Africa30.8LagosNigeria
51%
Asia28.0MuscatOman
48%
Africa29.3, 29.3Garissa, LodwarKenya
44%
Asia27.0SingaporeSingapore
37%
Asia31.0ManilaPhilippines
36%
Africa29.8DjiboutiDjibouti
17%

Score Distribution

Percentile by Number Answered

Percent of People with Each Score

Your Score History

You have not taken this quiz